00672nam a2200241 a 4500001001300000003000900013005001700022008004100039020001000080082001700090100002300107245002100130260003600151300000800187500003500195505001000230650002800240700002300268902000800291942000700299952010900306999001500415nice12345678IN_TiNIC20260116012019.0050524s1978 laha grp 000 0 eng  ac10000a297.64bSHA2 aShad, Abdur Rahman aUthman Ibn Affan aLahorebKazi Publicationsc1978 a96p aincludes index and biblioraphy2 aIndex aUthman Ibn Affan-Caliph1 aShad, Abdur Rahman bSRS cBK 00104070aHMIbHMId2007-07-10g100.00l1o297.64 SHA2p09241r2018-12-03s2018-11-22w2026-01-16yEB c5285d5285